000 00682nam a2200205 a 4500
001 000042675
005 20201002040322.0
008 140204s1988 sp a 001 0 spa d
020 _a843205867X
040 _aDO-SdBNP
_bspa
_cBNPHU
082 _axxxxx
_bxxxxx
100 1 _aSánchez Vidal, Agustín
_99851
245 1 0 _aBuñuel, Lorca, Dalí :
_bel enigma sin fin /
_cAgustín Sánchez Vidal.
260 _aBarcelona, :
_bPlaneta,
_c1988.
300 _a380 p. :
_bil. ;
_c23 cm.
490 1 _aLa linea del horizonte
500 _aIncluye datos biográficos del autor en la solapa de la cubierta
500 _aIncluye índice onomástico
830 0 _aLa linea del horizonte
_932941
999 _c42164
_d42164